1025 1082 1733 1963 1222 1516 1218 1220 1382 1859 1035 1396 1111 1989 1702 1973 1086 1597 1530 1204 1094 1345 1464 1675 1773 1054 1461 1513 1255 1961 1356 1685 1989 1261 1842 1271 1185 1249 1181 1496 1458 1764 1001 1492 1778 1213 1385 1576 1180 1892 1303 1958 1779 1138 1131 1916 1185 1509 1956 1443 1452 1869 1555 1209 1282 1757 1263 1075 1921 1002 1849 1641 1597 1220 1149 1287 1319 1438 1601 1609 1748 1469 1079 1053 1759 1052 1974 1642 1843 1124 1526 1593 1568 1719 1678 1051 1694 1438 1065 BCNSPRNW ULIB Ver.6.0+V

เปลี่ยนเป็นภาษาไทย

Change to English
 แสดงรายละเอียดบรรณานุกรม
  กลับหน้าหลัก

Brief Record : Get Marc (ISO 2709) : E-mail record : QR code < ปิดหน้าต่าง
LEADER : 00000nam 2200000uu 4500
001    13399125520
003     ULIB
008    170621s2559||||th 000 0 tha d
020    ^a9786167388991
040    ^absi
060 04 ^aWS205^bC641
245 00 ^aClinical practices :^bemergency pediatrics : make it easy/^cบรรณาธิการ, สนิตรา ศิริธางกุล ... [และคนอื่นๆ]
246 30 ^aEmergency pediatrics :^bmake it easy
250    ^aพิมพ์ครั้งที่ 1
260    ^aกรุงเทพฯ :^bภาควิชากุมารเวชศาสตร์ วิทยาลัยแพทยศาสตร์พระมงกุฎเกล้า,^c2559
300    ^axiii, 328 หน้า :^bภาพประกอบ (สีบางภาพ) ;^c21 ซม.
505 0  ^aSupraventricular tachycardia -- Dendue shock sysdrome --Mechanical ventilation : initial settings and trouble-shooting guides -- Pediatric advanced life support 2015 --Hypertensive crisis in children and adolescents -- Acutekidney injury -- Neonatal stabilization andpostresuscitation care -- Foreigh body and caustic agnetingestion in children -- Acute liver failure -- Feedingdifficulty in younger children -- Common electrolytedisorders in pediatric emergency -- Current strategies ofdiabetic ketoacidosis management -- Adrenal crisis --Acute asthmatic attack -- Tramadol overdose -- How to dealwith aggressive child -- Developmental red flags --Encounter with attention deficit hyperactivity disorder --Hematologic emergencies in children -- Tumor lysissyndrome -- Leukapheresis -- Inborn errors of metabolism -- Drug hypersensitivity syndrome (DHS) -- Stevens-Johnsonsyndrome and toxic epidermal necrolysis
650  4 ^aกุมารเวชศาสตร์
650  4 ^aเด็ก, โรค
650  4 ^aภาวะฉุกเฉิน
700 0  ^aสนิตรา ศิริธางกุล,^eบรรณาธิการ
710 2  ^aวิทยาลัยแพทยศาสตร์พระมงกุฎเกล้า.^bภาควิชากุมารเวชศาสตร์
945    ^p0^l0^i002364
945    ^p0^l0^i002365
945    ^p0^l0^i002366
999    ^aวรรณษา ชูชัยมงคล
รายการนี้ยังไม่มีแท็ก
คุณยังไม่ได้ล็อกอิน คุณสามารถมีกิจกรรมร่วมกับเว็บไซต์ได้ แต่ต้องล็อกอินก่อน ::
  ล็อกอิน

รายการสื่อสารสนเทศ

ลำดับที่ ประเภท เลขเรียก/บาร์โค้ด สถานที่ สถานะ
1. วิทยาศาสตร์การแพทย์ และสุขภาพ
วิทยาศาสตร์การแพทย์ และสุขภาพ
สถานะ=หนังสือเก่า
WS205 C641 ฉ.1 
  Barcode: 002364
ห้องสมุดวิทยาเขตสวรรค์ประชารักษ์
►ส่วนจัดเก็บหนังสือเก่า สปร
บนชั้น
  ขอยืม
2. วิทยาศาสตร์การแพทย์ และสุขภาพ
วิทยาศาสตร์การแพทย์ และสุขภาพ
สถานะ=หนังสือเก่า
WS205 C641 ฉ.2 
  Barcode: 002365
ห้องสมุดวิทยาเขตสวรรค์ประชารักษ์
►ส่วนจัดเก็บหนังสือเก่า สปร
บนชั้น
  ขอยืม
3. วิทยาศาสตร์การแพทย์ และสุขภาพ
วิทยาศาสตร์การแพทย์ และสุขภาพ
สถานะ=หนังสือเก่า
WS205 C641 ฉ.3 
  Barcode: 002366
ห้องสมุดวิทยาเขตสวรรค์ประชารักษ์
►ส่วนจัดเก็บหนังสือเก่า สปร
บนชั้น
  ขอยืม

รายการใกล้เคียง
    หัวเรื่อง [กุมารเวชศาสตร์]
    หัวเรื่อง [เด็ก, โรค]
    หัวเรื่อง [ภาวะฉุกเฉิน]

BibComment


ยังไม่เคยถูกคอมเมนท์

คอมเมนท์ทรัพยากรรายการนี้
  คอมเมนท์: Clinical practic..


 Copyright 2026. Bcnsprnw @Library